| LEADER |
00905nzm0a2200169 450 |
| 001 |
16847161 |
| 010 |
|
|
|a 9780230400238
|d 14,9
|
| 100 |
|
|
|a 20161004d2010 u u0frey01 ba
|
| 101 |
1 |
|
|a eng
|c eng
|
| 200 |
0 |
|
|a Briget Jones : the edge of reason
|e Level B1-B2 - Intermediate
|f Helen Fielding
|
| 207 |
|
1 |
|a
|
| 210 |
|
|
|a Londres
|c Macmillam Readers
|d 2010
|
| 215 |
|
|
|a 111 p.
|d 20 cm
|e 2 CD
|
| 300 |
|
|
|a Texte en anglais
|
| 330 |
|
|
|a It's a new year and Bridget has a boyfriend at last; the handsome and successful lawyer, Mark Darcy! But soon the beautiful - and determined - Rebecca appears on the scene to steal Mark away. Heartbroken and confused, Bridget decides to go on holiday to Thailand with her friend Shazzer. There Bridget's problems only get worse.
|
| 700 |
|
0 |
|a Fielding
|b Helen
|f 1958-....
|4 70
|
| 995 |
|
|
|a Bibliothèque
|c Bibliothèque
|f 00156011310125
|h 00156011310125
|k ANG 420 FIE
|o p
|q u
|r mz
|e Bibliothèque
|